El concepto de derecho
Guardat en:
| Autor principal: | |
|---|---|
| Format: | Llibre |
| Idioma: | espanyol |
| Publicat: |
Buenos Aires
Abeledo-Perrot
1992
|
| Edició: | 2a. ed |
| Matèries: | |
| Etiquetes: |
Afegir etiqueta
Sense etiquetes, Sigues el primer a etiquetar aquest registre!
|
MARC
| LEADER | 00000nam a2200000 a 4500 | ||
|---|---|---|---|
| 001 | UCV2652 | ||
| 003 | CL-VaPUC | ||
| 005 | 20220701115520.0 | ||
| 008 | 921006e19920000AG |||||||||||||||||spa|d | ||
| 999 | |c 210160 |d 210158 | ||
| 040 | |c Pontificia Universidad Católica de Valparaíso | ||
| 082 | 0 | 4 | |a 340.1 |b HAR |2 21 |
| 100 | 0 | |a Hart, H. L. A |e author |9 257373 | |
| 245 | 1 | 3 | |a El concepto de derecho |
| 250 | |a 2a. ed | ||
| 260 | |a Buenos Aires |b Abeledo-Perrot |c 1992 | ||
| 300 | |a 332 p | ||
| 583 | |a last modification |c 19921006 00:00:00 |k Rodrigo Vera | ||
| 650 | 0 | |a Filosofía del derecho |9 255050 | |
| 650 | 0 | |a Jurisprudencia |9 255952 | |
| 942 | |c BK |2 ddc | ||
| 945 | |d 19921006 00:00:00 | ||
| 952 | |0 0 |1 0 |4 0 |6 340_100000000000000_HAR_1992 |7 0 |8 DER_TF |9 186205 |a BIBDER |b BIBDER |d 2019-11-14 |i 2536846 |l 9 |m 4 |o 340.1 HAR 1992 |p 2536846 |r 2024-08-13 |s 2024-08-07 |w 2019-11-14 |x Ubicación 4to Piso |y BK |z Estos recursos deben solicitarse con anticipación |k DER | ||